| Поле | Инд. | ПП | Название | Значение |
|---|---|---|---|---|
| Тип записи | a | |||
| Библиографический уровень | b | |||
| 001 | Контрольный номер | DU/528473313 | ||
| 005 | Дата корректировки | 20200526192506.8 | ||
| 008 | Кодируемые данные | 20160928 | ||
| 040 | b | Код языка каталог. | rus | |
| e | Правила каталог. | PSBO | ||
| 041 | 0_ | a | Код языка текста | rus |
| 084 | a | Индекс другой классификации/Индекс ББК | 65.291.31; 65.433-32 | |
| 100 | 1_ | a | Автор | Волков С. К. |
| 245 | 10 | a | Заглавие | Методы маркетинговых исследований на рынке туристических услуг |
| 520 | 0_ | a | Аннотация | В статье анализируются основные направления маркетинговых исследований в сфере туризма. Раскрывается сущность наиболее распространенных методов маркетинговых исследований в туризме. Предлагается авторская последовательность этапов проведения маркетинговых исследований на рынке туристических услуг, главной особенностью которой является наличие этапа форсайт |
| 650 | 14 | a | Основная рубрика | индустрия гостеприимства и туризма |
| a | Основная рубрика | маркетинг | ||
| a | Основная рубрика | экономика | ||
| a | Основная рубрика | экономика предприятия | ||
| a | Основная рубрика | экономика туризма | ||
| 653 | 1_ | a | Ключевые слова | маркетинговые исследования |
| a | Ключевые слова | метод деловых ситуаций | ||
| a | Ключевые слова | метод "мозговой штурм" (метод Дельфи) | ||
| a | Ключевые слова | методика исследований | ||
| a | Ключевые слова | рынок туристских услуг | ||
| a | Ключевые слова | туризм | ||
| a | Ключевые слова | туристическая деятельность | ||
| a | Ключевые слова | туристические услуги | ||
| a | Ключевые слова | форсайт | ||
| 773 | 08 | t | Заглавие источника | Маркетинг в России и за рубежом |
| d | Дата издания источника | 2015 | ||
| g | Прочая информация | № 5. - С. 24 - 29 : табл., рис. | ||
| w | Контрольный № источника | RU/IS/BASE/499273216 | ||
| 901 | t | Тип документа | b |